<?xml version="1.0" encoding="UTF-8"?>
<record
    xmlns:xsi="http://www.w3.org/2001/XMLSchema-instance"
    xsi:schemaLocation="http://www.loc.gov/MARC21/slim http://www.loc.gov/standards/marcxml/schema/MARC21slim.xsd"
    xmlns="http://www.loc.gov/MARC21/slim">

  <leader>00602nam a2200169Ia 4500</leader>
  <controlfield tag="008">230718s9999    xx            000 0 und d</controlfield>
  <datafield tag="020" ind1=" " ind2=" ">
    <subfield code="a">9789350233740</subfield>
  </datafield>
  <datafield tag="041" ind1=" " ind2=" ">
    <subfield code="a">eng</subfield>
  </datafield>
  <datafield tag="082" ind1=" " ind2=" ">
    <subfield code="a">629.895</subfield>
    <subfield code="b">KAR</subfield>
  </datafield>
  <datafield tag="100" ind1=" " ind2=" ">
    <subfield code="a">Karvinen K.</subfield>
    <subfield code="9">197467</subfield>
  </datafield>
  <datafield tag="245" ind1=" " ind2=" ">
    <subfield code="a">Make: Arduino Bots And Gadgets  (Learning By Discovery)</subfield>
    <subfield code="b">Build Robots And Other Electronic Devices (Six Embedded Projects With Open Source Hardware And Software)</subfield>
  </datafield>
  <datafield tag="260" ind1=" " ind2=" ">
    <subfield code="c">2015</subfield>
    <subfield code="b">Shroff/O'Reilly</subfield>
  </datafield>
  <datafield tag="300" ind1=" " ind2=" ">
    <subfield code="a">278</subfield>
  </datafield>
  <datafield tag="365" ind1=" " ind2=" ">
    <subfield code="c">Rs.</subfield>
    <subfield code="b">650.00</subfield>
  </datafield>
  <datafield tag="700" ind1=" " ind2=" ">
    <subfield code="a">Karvinen K. &amp; Karvinen T.</subfield>
    <subfield code="9">197468</subfield>
  </datafield>
  <datafield tag="906" ind1=" " ind2=" ">
    <subfield code="d">O:0569318-Sep-2017B:347410-Aug-2017</subfield>
    <subfield code="c">INST</subfield>
    <subfield code="b">130</subfield>
  </datafield>
  <datafield tag="999" ind1=" " ind2=" ">
    <subfield code="c">345423</subfield>
    <subfield code="d">345423</subfield>
  </datafield>
  <datafield tag="952" ind1=" " ind2=" ">
    <subfield code="0">0</subfield>
    <subfield code="1">0</subfield>
    <subfield code="4">0</subfield>
    <subfield code="7">0</subfield>
    <subfield code="a">CCEP</subfield>
    <subfield code="b">CCEP</subfield>
    <subfield code="d">2017-09-18</subfield>
    <subfield code="e">Technical Book Services</subfield>
    <subfield code="f">INST</subfield>
    <subfield code="g">520.00</subfield>
    <subfield code="i">3474</subfield>
    <subfield code="l">6</subfield>
    <subfield code="o">629.895</subfield>
    <subfield code="p">CCEP-BK-56630</subfield>
    <subfield code="r">2026-02-13 13:43:27</subfield>
    <subfield code="s">2026-01-30</subfield>
    <subfield code="t">130</subfield>
    <subfield code="v">650.00</subfield>
    <subfield code="w">2017-08-10</subfield>
    <subfield code="y">BK</subfield>
    <subfield code="z">056630</subfield>
  </datafield>
  <datafield tag="952" ind1=" " ind2=" ">
    <subfield code="0">0</subfield>
    <subfield code="1">0</subfield>
    <subfield code="2">ddc</subfield>
    <subfield code="4">0</subfield>
    <subfield code="7">0</subfield>
    <subfield code="a">CCEP</subfield>
    <subfield code="b">CCEP</subfield>
    <subfield code="d">2025-03-12</subfield>
    <subfield code="e">63</subfield>
    <subfield code="g">581.25</subfield>
    <subfield code="l">2</subfield>
    <subfield code="o">629.895 KAR</subfield>
    <subfield code="p">CCEP-BK-68553</subfield>
    <subfield code="r">2025-05-31 00:00:00</subfield>
    <subfield code="s">2025-04-07</subfield>
    <subfield code="v">775.00</subfield>
    <subfield code="w">2025-03-12</subfield>
    <subfield code="y">BK</subfield>
  </datafield>
</record>
